Statistics for Official Languages Spoken by Few People 1

Click here to take the quiz!

General Stats

  • This quiz has been taken 39 times
  • The average score is 8 of 15

Answer Stats

Country/RegionSpeakers%Answer% Correct
Sint Maarten1 3864.2%Dutch
94%
Switzerland60 0000.8%Romansh
94%
Equatorial Guinea<5000<0.5%Portuguese
90%
MacauL1: 6 200, L2: 13 574L1: 1%, L2: 2.3%Portuguese
90%
BelgiumL1: 77 949, L2: 2 492 600L1: 0.7%, L2: 22%German
87%
Scotland57 0001%Scottish Gaelic
81%
Norway15 8250.3%Sami
77%
New Zealand22 9860.5%New Zealand Sign Language
52%
Papua New Guinea30 0000.4%Papua New Guinean Sign Language
52%
Zimbabwe280 0002%Zimbabwean Sign Language
52%
South AfricaL1: 1 090 223, L2: 1 400 000L1: 2.1%, L2: 2.7%Ndebele
45%
Taiwan40.0000002%Kanakanavu
3%
Zimbabwe100 0000.7%Nambya
3%
Zimbabwe200.000001%Tjwao ("Koisan")
3%
Bolivia20.0000002%Warazu
3%

Score Distribution

Percentile by Number Answered

Percent of People with Each Score

Your Score History

You have not taken this quiz